| 000 | 00337nam a22001337a 4500 | ||
|---|---|---|---|
| 082 |
_a894.812 _bKOC/A |
||
| 100 | _aKOCHERI, THOMAS | ||
| 245 | _aAGOLAVALKARANAVUM DARIDRAVALKARANAVUM | ||
| 250 | _aFIRST EDITION | ||
| 260 |
_aTHIRUVANANTHAPURAM _bPRABHATH BOOK HOUSE _c2000 |
||
| 300 | _a52 | ||
| 650 |
_aMOTIVATIONAL _zKERALA |
||
| 942 | _cBK | ||
| 999 |
_c1198 _d1198 |
||